Statistics for Best Actress Wins Without Best Picture Nomination

Click here to take the quiz!

General Stats

  • This quiz has been taken 19 times
    (8 since last reset)
  • The average score is 36 of 71

Answer Stats

Film% Correct
Charlize Theron
86%
Hilary Swank
86%
Jodie Foster
86%
Katharine Hepburn
86%
Meryl Streep
86%
Bette Davis
71%
Boys Don't Cry
71%
Elizabeth Taylor
71%
Ingrid Bergman
71%
Jessica Chastain
71%
The Accused
71%
Alice Doesn't Live Here Anymore
57%
Anne Bancroft
57%
Blue Jasmine
57%
BUtterfield 8
57%
Cate Blanchett
57%
Ellen Burstyn
57%
Geraldine Page
57%
Glenda Jackson
57%
Helen Hayes
57%
Jane Fonda
57%
Joanne Woodward
57%
Judy
57%
Kathy Bates
57%
La ciociara
57%
Mary Pickford
57%
Misery
57%
Monster
57%
Olivia de Havilland
57%
Renée Zellweger
57%
Sophia Loren
57%
Sophie's Choice
57%
The Eyes of Tammy Faye
57%
The Iron Lady
57%
The Three Faces of Eve
57%
Anastasia
43%
Blue Sky
43%
Come Back, Little Sheba
43%
Coquette
43%
Dangerous
43%
Dead Man Walking
43%
Halle Berry
43%
Hud
43%
I Want to Live!
43%
Janet Gaynor
43%
Jessica Lange
43%
Julianne Moore
43%
Klute
43%
Maggie Smith
43%
Marion Cotillard
43%
Patricia Neal
43%
Reese Witherspoon
43%
Shirley Booth
43%
Still Alice
43%
Susan Hayward
43%
Susan Sarandon
43%
The Miracle Worker
43%
The Prime of Miss Jean Brodie
43%
The Trip to Bountiful
43%
Walk the Line
43%
La Môme
29%
Loretta Young
29%
Marie Dressler
29%
Min and Bill
29%
Monster's Ball
29%
Morning Glory
29%
Street Angel
29%
To Each His Own
29%
Women in Love
29%
The Farmer's Daughter
14%
The Sin of Madelon Claudet
14%

Score Distribution

Percentile by Number Answered

Percent of People with Each Score

Your Score History

You have not taken this quiz since the last reset